00441nam a22001457a 4500020001500000082001200015100001200027245009400039260003500133300000800168490003900176505003000215650004100245650000900286 a9552306612 a543 HOO aHoole,D aAnalytical Chemistry -Part V : Introduction to some instruments used in chemical analysis aColombobOpen Universityc1997 a68p aCourse of study Leading - CHU 2125 aBachelor Science :Level 4 a chemistryaanalytical chemistrya  aOUSL